[Event "Panama op 4th"]
[Site "Panama City"]
[Date "2023.11.07"]
[Round "2"]
[White "Hoyos Bedoya, Nevardo"]
[Black "Esquivel Golcher, Luis Enrique"]
[Result "0-1"]
[WhiteElo "1669"]
[BlackElo "2108"]
[PlyCount "66"]
[EventDate "2023.11.06"]
[EventType "swiss"]
[EventRounds "9"]
[EventCountry "PAN"]
[SourceTitle "CB46_2023"]
[SourceDate "2023.11.15"]
[SourceVersion "1"]
[SourceVersionDate "2023.11.15"]
[SourceQuality "1"]

1. d4 d5 2. Nf3 Bf5 3. e3 e6 4. Bd3 Bg6 5. 0-0 Nd7 6. b3 Bd6 7. Ba3 Bxa3 8. Nxa3 Ngf6 9. c4 c6 10. Nb1 Qa5 11. Qc2 Rc8 12. Nbd2 c5 13. e4 cxd4 14. exd5 Nxd5 15. Bxg6 hxg6 16. Nxd4 Nf4 17. N2f3 Qh5 18. Qe4 Qg4 19. Nd2 Nc5 20. Qf3 Nh3+ 21. Kh1 Qxd4 22. gxh3 Qxd2 23. Rfd1 Qc2 24. Rd4 Qf5 25. Rf4 Qxh3 26. Qg3 Qxg3 27. fxg3 Rd8 28. Raf1 f5 29. b4 Ne4 30. Re1 g5 31. Rf3 g4 32. Rfe3 Rd2 33. h4 gxh3 0-1

[Event "Medellin Feria de las Flores op"]
[Site "Medellin"]
[Date "2022.08.06"]
[Round "7"]
[White "Esquivel Golcher, Luis Enrique"]
[Black "Toro Castaneda, Elizabeth"]
[Result "0-1"]
[WhiteElo "2139"]
[BlackElo "1937"]
[PlyCount "64"]
[EventDate "2022.08.03"]
[EventType "swiss"]
[EventRounds "9"]
[EventCountry "COL"]
[SourceTitle "CBM 209 Extra"]
[Source "ChessBase"]
[SourceDate "2022.09.30"]
[SourceVersion "1"]
[SourceVersionDate "2022.09.30"]
[SourceQuality "1"]

1. b3 Nf6 2. Bb2 g6 3. Bxf6 exf6 4. c4 Bg7 5. Nc3 f5 6. Rc1 0-0 7. e3 Re8 8. g3 d6 9. Bg2 Nd7 10. Nge2 Nc5 11. d4 Ne4 12. 0-0 Bd7 13. Qc2 Bc6 14. b4 Nxc3 15. Nxc3 Bxg2 16. Kxg2 Qd7 17. Qa4 c6 18. b5 f4 19. bxc6 bxc6 20. Rce1 Rac8 21. Qd1 fxe3 22. fxe3 c5 23. Nd5 cxd4 24. exd4 Rxc4 25. Rxe8+ Qxe8 26. Re1 Qb5 27. Qf3 Rc2+ 28. Kh1 Bxd4 29. Qe4 Qb2 30. Qh4 Rc1 31. Ne7+ Kh8 32. Nxg6+ Kg7 0-1

[Event "Medellin Feria de las Flores op"]
[Site "Medellin"]
[Date "2022.08.03"]
[Round "1"]
[White "Esquivel Golcher, Luis Enrique"]
[Black "Rueda Rojas, Richard Alejandro"]
[Result "0-1"]
[WhiteElo "2139"]
[BlackElo "1616"]
[PlyCount "52"]
[EventDate "2022.08.03"]
[EventType "swiss"]
[EventRounds "9"]
[EventCountry "COL"]
[SourceTitle "CBM 209 Extra"]
[Source "ChessBase"]
[SourceDate "2022.09.30"]
[SourceVersion "1"]
[SourceVersionDate "2022.09.30"]
[SourceQuality "1"]

1. e4 d6 2. d4 Nf6 3. Nc3 g6 4. f4 Bg7 5. Nf3 c5 6. Be2 0-0 7. e5 Nfd7 8. h4 h5 9. g4 hxg4 10. Ng5 cxd4 11. Qxd4 dxe5 12. Qf2 Qb6 13. Qg2 Nf6 14. fxe5 Qc6 15. Qxc6 Nxc6 16. exf6 exf6 17. Nge4 f5 18. Ng5 Nb4 19. 0-0 Nxc2 20. Rb1 Bd7 21. Bf4 Rac8 22. Rfd1 Nd4 23. Bf1 Bc6 24. Bc4 Bf3 25. Nxf7 Rxf7 26. Bxf7+ Kxf7 0-1

[Event "Titled Tuesday intern op 20th Oct"]
[Site "Chess.com INT"]
[Date "2020.10.20"]
[Round "5"]
[White "Alavi, Sayed Javad"]
[Black "Esquivel Golcher, Luis Enrique"]
[Result "1-0"]
[WhiteElo "2445"]
[BlackElo "2142"]
[PlyCount "83"]
[EventDate "2020.10.20"]
[EventType "swiss (blitz)"]
[EventRounds "11"]
[EventCountry "USA"]
[SourceTitle "EXT 2022"]
[Source "ChessBase"]
[SourceDate "2021.10.06"]
[SourceVersion "1"]
[SourceVersionDate "2021.10.06"]
[SourceQuality "1"]

1. d4 e6 2. c4 Bb4+ 3. Nc3 Nf6 4. Nf3 c5 5. e3 d5 6. Bd3 b6 7. 0-0 Bxc3 8. bxc3 Bb7 9. cxd5 exd5 10. c4 0-0 11. cxd5 Qxd5 12. dxc5 Rd8 13. Bc2 Qxd1 14. Bxd1 bxc5 15. Bb2 Ne4 16. Bb3 Nc6 17. Rac1 Nb4 18. Ne5 Bd5 19. Bxd5 Nxd5 20. f3 Nef6 21. e4 Ne3 22. Rfe1 Nxg2 23. Kxg2 Rd2+ 24. Kf1 Rxb2 25. Re2 Rab8 26. Rxc5 h5 27. Rc7 R8b7 28. Rc8+ Kh7 29. Rxb2 Rxb2 30. Nxf7 Rxh2 31. e5 Nd5 32. Ng5+ Kg6 33. Ne4 h4 34. e6 Rxa2 35. Rc5 Ne3+ 36. Kg1 Ra1+ 37. Kf2 Nd1+ 38. Ke2 h3 39. e7 Kf7 40. Re5 Nc3+ 41. Nxc3 h2 42. e8Q+ 1-0

[Event "Titled Tuesday intern op 20th Oct"]
[Site "Chess.com INT"]
[Date "2020.10.20"]
[Round "4"]
[White "Esquivel Golcher, Luis Enrique"]
[Black "Ohanyan, Emin"]
[Result "1/2-1/2"]
[WhiteElo "2142"]
[BlackElo "2291"]
[PlyCount "62"]
[EventDate "2020.10.20"]
[EventType "swiss (blitz)"]
[EventRounds "11"]
[EventCountry "USA"]
[SourceTitle "EXT 2022"]
[Source "ChessBase"]
[SourceDate "2021.10.06"]
[SourceVersion "1"]
[SourceVersionDate "2021.10.06"]
[SourceQuality "1"]

1. e4 e5 2. Nf3 Nc6 3. Nc3 Nf6 4. d4 exd4 5. Nd5 Be7 6. Bc4 0-0 7. 0-0 d6 8. Nxe7+ Qxe7 9. Re1 Be6 10. Bb5 Bg4 11. Bxc6 bxc6 12. h3 Bxf3 13. Qxf3 Rae8 14. Bg5 Qe5 15. Bxf6 Qxf6 16. Qxf6 gxf6 17. Rad1 c5 18. f3 Rb8 19. b3 a5 20. a4 Rb4 21. f4 Rfb8 22. e5 fxe5 23. fxe5 c4 24. exd6 cxd6 25. Rxd4 cxb3 26. Rxb4 Rxb4 27. cxb3 Rxb3 28. Re8+ Kg7 29. Ra8 d5 30. Rxa5 Ra3 31. Rxd5 Rxa4 1/2-1/2

[Event "Titled Tuesday intern op 20th Oct"]
[Site "Chess.com INT"]
[Date "2020.10.20"]
[Round "8"]
[White "Shtyka, Sergey"]
[Black "Esquivel Golcher, Luis Enrique"]
[Result "1-0"]
[WhiteElo "2175"]
[BlackElo "2142"]
[PlyCount "53"]
[EventDate "2020.10.20"]
[EventType "swiss (blitz)"]
[EventRounds "11"]
[EventCountry "USA"]
[SourceTitle "EXT 2022"]
[Source "ChessBase"]
[SourceDate "2021.10.06"]
[SourceVersion "1"]
[SourceVersionDate "2021.10.06"]
[SourceQuality "1"]

1. e4 e6 2. Nf3 c5 3. d4 d5 4. exd5 exd5 5. Nc3 Nf6 6. Bb5+ Nc6 7. Ne5 Bd7 8. Nxd7 Qxd7 9. 0-0 Be7 10. dxc5 0-0 11. Bg5 d4 12. Ne2 Rad8 13. Ng3 h6 14. Bxf6 Bxf6 15. Ne4 Be7 16. a3 f5 17. Ng3 Bxc5 18. Qf3 a6 19. Bd3 Ne5 20. Qe2 f4 21. Qxe5 fxg3 22. Qxc5 gxh2+ 23. Kh1 Qg4 24. Rae1 Kh8 25. Re4 Qg5 26. Qxg5 hxg5 27. Kxh2 1-0

[Event "Titled Tuesday intern op 12th May"]
[Site "Chess.com INT"]
[Date "2020.05.12"]
[Round "4"]
[White "Esquivel Golcher, Luis Enrique"]
[Black "Fier, Alexandr"]
[Result "0-1"]
[WhiteElo "2142"]
[BlackElo "2560"]
[PlyCount "72"]
[EventDate "2020.05.12"]
[EventType "swiss (blitz)"]
[EventRounds "10"]
[EventCountry "USA"]
[SourceTitle "CBM 196 Extra"]
[Source "ChessBase"]
[SourceDate "2020.07.31"]
[SourceVersion "1"]
[SourceVersionDate "2020.07.31"]
[SourceQuality "1"]

1. e4 c5 2. Nf3 e6 3. b3 Nc6 4. Bb2 a6 5. c4 Qc7 6. Nc3 Nf6 7. Bd3 Bd6 8. 0-0 g5 9. Nd5 exd5 10. Bxf6 dxc4 11. Bxc4 Rg8 12. Nxg5 Ne5 13. Qh5 Rxg5 14. Qxg5 Nxc4 15. Qg8+ Bf8 16. Bg7 Qd6 17. bxc4 b6 18. d4 cxd4 19. Rad1 Bb7 20. Rxd4 Qe7 21. Bxf8 Qxf8 22. Qxf8+ Kxf8 23. Rxd7 Bxe4 24. Re1 Bf5 25. Rb7 Be6 26. Rxb6 Bxc4 27. a4 Kg7 28. h3 Rd8 29. Re4 Bd3 30. Rg4+ Kf8 31. Kh2 Rd5 32. Rb8+ Ke7 33. Rf4 Rd7 34. h4 h5 35. Rc8 Bg6 36. Rc7 Rxc7 0-1

[Event "Titled Tuesday intern op 12th May"]
[Site "Chess.com INT"]
[Date "2020.05.12"]
[Round "2"]
[White "Esquivel Golcher, Luis Enrique"]
[Black "Moreby, James"]
[Result "1-0"]
[WhiteElo "2142"]
[BlackElo "2283"]
[PlyCount "71"]
[EventDate "2020.05.12"]
[EventType "swiss (blitz)"]
[EventRounds "10"]
[EventCountry "USA"]
[SourceTitle "CBM 196 Extra"]
[Source "ChessBase"]
[SourceDate "2020.07.31"]
[SourceVersion "1"]
[SourceVersionDate "2020.07.31"]
[SourceQuality "1"]

1. e4 e6 2. d4 d5 3. c4 dxe4 4. Nc3 Nf6 5. f3 exf3 6. Nxf3 Bb4 7. Bd3 Nc6 8. a3 Bxc3+ 9. bxc3 h6 10. 0-0 0-0 11. Qe2 b6 12. Bf4 Ba6 13. Qf2 Na5 14. Ne5 Nd7 15. Qe2 Nxe5 16. Bxe5 f5 17. Rf3 Qd7 18. Rg3 Rf7 19. Rd1 Rd8 20. Rg6 Kh7 21. Qh5 Rff8 22. Rxg7+ Qxg7 23. Bxg7 Kxg7 24. Qe2 Rd6 25. c5 Bxd3 26. Rxd3 bxc5 27. Rg3+ Kf7 28. Qe5 Ke8 29. Qxc5 Nc6 30. Rg7 Kd8 31. Qb5 f4 32. Qb7 Ne7 33. Qb8+ Nc8 34. Qxc7+ Ke8 35. Qxc8+ Rd8 36. Qxe6# 1-0

[Event "Titled Tuesday intern op 5th May"]
[Site "Chess.com INT"]
[Date "2020.05.05"]
[Round "1"]
[White "Sjugirov, Sanan"]
[Black "Esquivel Golcher, Luis Enrique"]
[Result "1-0"]
[WhiteElo "2675"]
[BlackElo "2142"]
[PlyCount "57"]
[EventDate "2020.05.05"]
[EventType "swiss (blitz)"]
[EventRounds "10"]
[EventCountry "USA"]
[SourceTitle "EXT 2021"]
[Source "ChessBase"]
[SourceDate "2020.10.23"]
[SourceVersion "1"]
[SourceVersionDate "2020.10.23"]
[SourceQuality "1"]

1. e4 e6 2. d4 d5 3. e5 c5 4. c3 Nc6 5. Nf3 Bd7 6. Be2 Nge7 7. Na3 cxd4 8. cxd4 Nf5 9. Nc2 h5 10. h4 Be7 11. g3 Rc8 12. 0-0 g6 13. Rb1 Rg8 14. b4 a6 15. a4 g5 16. Bxg5 Bxg5 17. Nxg5 Rxg5 18. hxg5 Qxg5 19. Rb3 Nce7 20. b5 Rc7 21. Ne3 Nxe3 22. Rxe3 axb5 23. Bxb5 Nf5 24. Bxd7+ Kxd7 25. Rb3 h4 26. Qd3 Qg4 27. Qf3 Qxd4 28. Qh5 Ke8 29. g4 1-0

[Event "Titled Tuesday intern op 2nd Febr"]
[Site "Chess.com INT"]
[Date "2019.02.05"]
[Round "1"]
[White "Esquivel Golcher, Luis Enrique"]
[Black "Fakhrutdinov, Timur"]
[Result "0-1"]
[WhiteElo "2142"]
[BlackElo "2481"]
[PlyCount "78"]
[EventDate "2019.02.05"]
[EventType "swiss (blitz)"]
[EventRounds "10"]
[EventCountry "USA"]
[SourceTitle "EXT 2021"]
[Source "ChessBase"]
[SourceDate "2020.10.23"]
[SourceVersion "1"]
[SourceVersionDate "2020.10.23"]
[SourceQuality "1"]

1. b3 e5 2. Bb2 Nc6 3. e3 Nf6 4. Bb5 Bd6 5. Na3 a6 6. Bxc6 dxc6 7. Nc4 e4 8. Ne2 0-0 9. Nxd6 cxd6 10. Ng3 d5 11. 0-0 Be6 12. f3 exf3 13. Qxf3 Nd7 14. Nh5 f6 15. Qg3 Qe7 16. Rf2 g6 17. Raf1 f5 18. a4 b5 19. a5 b4 20. h3 Nc5 21. Qe5 Kf7 22. Nf4 Ke8 23. Nxe6 Nxe6 24. d3 Kd7 25. e4 fxe4 26. dxe4 Rxf2 27. Rxf2 Nc7 28. Qg3 Rf8 29. Rxf8 Qxf8 30. Qg4+ Ne6 31. exd5 cxd5 32. Bd4 Qc8 33. Qf3 Qxc2 34. Qxd5+ Ke7 35. Be5 Qc5+ 36. Qxc5+ Nxc5 37. Kf2 Nd3+ 38. Ke3 Nxe5 39. Kd4 Kd6 0-1

[Event "Titled Tuesday intern op 2nd Febr"]
[Site "Chess.com INT"]
[Date "2019.02.05"]
[Round "6"]
[White "Esquivel Golcher, Luis Enrique"]
[Black "Manafov, Vugar Gulam"]
[Result "0-1"]
[WhiteElo "2142"]
[BlackElo "2176"]
[PlyCount "72"]
[EventDate "2019.02.05"]
[EventType "swiss (blitz)"]
[EventRounds "10"]
[EventCountry "USA"]
[SourceTitle "EXT 2021"]
[Source "ChessBase"]
[SourceDate "2020.10.23"]
[SourceVersion "1"]
[SourceVersionDate "2020.10.23"]
[SourceQuality "1"]

1. e4 Nf6 2. Nc3 d5 3. e5 Nfd7 4. e6 fxe6 5. d4 c5 6. Nf3 Nc6 7. Bb5 g6 8. Bxc6 bxc6 9. 0-0 Bg7 10. Re1 Nf6 11. dxc5 0-0 12. Be3 Qc7 13. Bd4 Qf4 14. Be5 Qb4 15. a3 Qxc5 16. Nd4 Bd7 17. Re3 Qb6 18. b4 c5 19. bxc5 Qxc5 20. a4 Rac8 21. h3 Qa5 22. Ncb5 a6 23. Nb3 Qd8 24. N5d4 Rc4 25. a5 Qc8 26. Nd2 Rc3 27. Nf5 exf5 28. Rxc3 Qd8 29. Nf3 Re8 30. Qd4 Nh5 31. Rb3 e6 32. Rab1 Qe7 33. Rb7 Rc8 34. Bxg7 Nxg7 35. Ne5 Rxc2 36. Rxd7 Qe8 0-1

[Event "Titled Tuesday intern op 2nd Febr"]
[Site "Chess.com INT"]
[Date "2019.02.05"]
[Round "3"]
[White "Paszewski, Mateusz"]
[Black "Esquivel Golcher, Luis Enrique"]
[Result "1-0"]
[WhiteElo "2347"]
[BlackElo "2142"]
[PlyCount "71"]
[EventDate "2019.02.05"]
[EventType "swiss (blitz)"]
[EventRounds "10"]
[EventCountry "USA"]
[SourceTitle "EXT 2021"]
[Source "ChessBase"]
[SourceDate "2020.10.23"]
[SourceVersion "1"]
[SourceVersionDate "2020.10.23"]
[SourceQuality "1"]

1. c4 e5 2. g3 Nf6 3. Bg2 Nc6 4. Nc3 Bb4 5. Nd5 0-0 6. e3 Be7 7. Ne2 d6 8. 0-0 Nxd5 9. cxd5 Nb8 10. d4 Nd7 11. b3 Bf6 12. Bb2 Re8 13. dxe5 Bxe5 14. Qd2 a5 15. Rac1 Nc5 16. Rc4 b5 17. Rcc1 b4 18. Nd4 Bd7 19. e4 Bxd4 20. Qxd4 f6 21. Rfe1 Bb5 22. Rcd1 Qd7 23. f4 a4 24. bxa4 Rxa4 25. e5 fxe5 26. fxe5 b3 27. Qc3 Rxa2 28. exd6 Rxe1+ 29. Rxe1 Rxb2 30. dxc7 Rxg2+ 31. Kxg2 Qxd5+ 32. Qf3 Qxf3+ 33. Kxf3 Bc6+ 34. Ke3 Bb7 35. Kd4 Nd7 36. Rb1 1-0

[Event "Titled Tuesday intern op 5th June"]
[Site "Chess.com INT"]
[Date "2018.06.05"]
[Round "5"]
[White "Esquivel Golcher, Luis Enrique"]
[Black "Chylewski, Patryk"]
[Result "1-0"]
[WhiteElo "2142"]
[BlackElo "2335"]
[PlyCount "165"]
[EventDate "2018.06.05"]
[EventType "swiss (blitz)"]
[EventRounds "10"]
[EventCountry "USA"]
[SourceTitle "EXT 2021"]
[Source "ChessBase"]
[SourceDate "2020.10.23"]
[SourceVersion "1"]
[SourceVersionDate "2020.10.23"]
[SourceQuality "1"]

1. e4 c5 2. Nf3 e6 3. d4 cxd4 4. Nxd4 Nc6 5. Nxc6 bxc6 6. Bd3 d5 7. Nd2 Nf6 8. 0-0 Be7 9. b3 0-0 10. Bb2 a5 11. a4 Ba6 12. Bxa6 Rxa6 13. exd5 cxd5 14. Qe2 Rc6 15. Rac1 Qb6 16. c4 Rd8 17. h3 Rcc8 18. Rfd1 dxc4 19. Nxc4 Qxb3 20. Rxd8+ Rxd8 21. Nxa5 Qxa4 22. Nc6 Re8 23. Nxe7+ Rxe7 24. Bxf6 gxf6 25. Rc8+ Kg7 26. Qf3 Qa1+ 27. Kh2 Qe5+ 28. g3 Rc7 29. Qg4+ Kh6 30. Rg8 Qg5 31. Rxg5 fxg5 32. h4 Rc5 33. Qd4 Rf5 34. h5 e5 35. Qb6+ Kxh5 36. Kh3 g4+ 37. Kg2 h6 38. Qb1 Kg5 39. Qc1+ Kg6 40. Qc6+ Kg5 41. Qe4 f6 42. Qe3+ Kg6 43. Qd3 h5 44. Qd7 Rf3 45. Qe8+ Kh6 46. Qf7 e4 47. Qf8+ Kg6 48. Qe8+ Kg5 49. Qxe4 f5 50. Qe7+ Kg6 51. Qe6+ Kg5 52. Qg8+ Kh6 53. Kg1 f4 54. Qf7 fxg3 55. Qe6+ Kg5 56. Qe5+ Kg6 57. fxg3 Rf5 58. Qe4 Kg5 59. Qe3+ Kg6 60. Qe4 Kg5 61. Qe7+ Kg6 62. Qe8+ Kg7 63. Kg2 Rg5 64. Qe7+ Kg6 65. Qe6+ Kg7 66. Kf2 Kh7 67. Ke3 Rg6 68. Qf7+ Kh6 69. Kf4 Rg7 70. Qf6+ Kh7 71. Kf5 Kg8 72. Qd8+ Kh7 73. Qe8 h4 74. Qh5+ Kg8 75. Qxh4 Kf7 76. Qh5+ Kf8 77. Kf6 Kg8 78. Qh6 Rf7+ 79. Ke6 Re7+ 80. Kf5 Rg7 81. Qe6+ Rf7+ 82. Kg6 Kh8 83. Kxf7 1-0

[Event "Titled Tuesday intern op 5th June"]
[Site "Chess.com INT"]
[Date "2018.06.05"]
[Round "3"]
[White "Esquivel Golcher, Luis Enrique"]
[Black "Mustaps, Matiss"]
[Result "0-1"]
[WhiteElo "2142"]
[BlackElo "2329"]
[PlyCount "130"]
[EventDate "2018.06.05"]
[EventType "swiss (blitz)"]
[EventRounds "10"]
[EventCountry "USA"]
[SourceTitle "EXT 2021"]
[Source "ChessBase"]
[SourceDate "2020.10.23"]
[SourceVersion "1"]
[SourceVersionDate "2020.10.23"]
[SourceQuality "1"]

1. e4 c5 2. Nf3 d6 3. d4 cxd4 4. Nxd4 Nf6 5. Nc3 g6 6. Be2 Bg7 7. 0-0 0-0 8. Kh1 Nc6 9. Nb3 Be6 10. f4 Qc8 11. Bf3 Rd8 12. Nd5 Bxd5 13. exd5 Nb4 14. c3 Na6 15. Re1 Qd7 16. Qe2 Re8 17. Be3 b6 18. Bd4 Nc5 19. h4 h5 20. Qc2 a5 21. Re2 Rac8 22. Rae1 Kf8 23. a3 Qf5 24. Qxf5 gxf5 25. Nxc5 bxc5 26. Bf2 Ng4 27. Bxg4 hxg4 28. g3 a4 29. Kg2 Rb8 30. Be3 Bf6 31. Bc1 c4 32. Be3 Rb5 33. Rd2 Reb8 34. Ree2 Ra5 35. Bd4 Rbb5 36. Bxf6 exf6 37. Rd4 Rc5 38. h5 Ra8 39. Kg1 Kg7 40. Re7 Rb8 41. Rd2 Rbb5 42. h6+ Kxh6 43. Rxf7 Kg6 44. Ra7 Rxd5 45. Rxd5 Rxd5 46. Rxa4 Rd1+ 47. Kf2 d5 48. Rb4 Rd2+ 49. Kf1 Rd1+ 50. Ke2 Rd3 51. Kf2 Rd2+ 52. Kg1 Kf7 53. Rb7+ Ke6 54. Rb6+ Ke7 55. a4 Kd7 56. a5 Kc7 57. Ra6 Rxb2 58. Rxf6 d4 59. Rf7+ Kc6 60. a6 dxc3 61. a7 Ra2 62. Rf6+ Kd5 63. Rxf5+ Kd4 64. Rf8 c2 65. Rd8+ Kc3 0-1

[Event "Capablanca Memorial op 49th"]
[Site "Havana"]
[Date "2014.05.10"]
[Round "3"]
[White "Esquivel Golcher, Luis Enrique"]
[Black "Arribas Robaina, Maritza"]
[Result "1/2-1/2"]
[WhiteElo "2124"]
[BlackElo "2318"]
[PlyCount "37"]
[EventDate "2014.04.08"]
[EventType "swiss"]
[EventRounds "10"]
[EventCountry "CUB"]
[SourceTitle "CBM 160 Extra"]
[Source "ChessBase"]
[SourceDate "2014.07.01"]
[SourceVersion "1"]
[SourceVersionDate "2014.07.01"]
[SourceQuality "1"]

1. e4 e6 2. d4 d5 3. Nd2 Be7 4. Bd3 dxe4 5. Nxe4 Nf6 6. Nf3 Nbd7 7. 0-0 Nxe4 8. Bxe4 0-0 9. Qe2 Nf6 10. Bd3 b6 11. Bg5 Bb7 12. Rad1 h6 13. Bxf6 Bxf6 14. Be4 Bxe4 15. Qxe4 Qd5 16. Qxd5 exd5 17. Rfe1 Rfe8 18. Kf1 Re6 19. Rxe6 1/2-1/2

[Event "Panama op 3rd"]
[Site "Panama City"]
[Date "2013.10.30"]
[Round "1"]
[White "Esquivel Golcher, Luis Enrique"]
[Black "Arias, Lemnys A"]
[Result "1/2-1/2"]
[WhiteElo "2094"]
[BlackElo "2329"]
[PlyCount "35"]
[EventDate "2013.10.30"]
[EventType "swiss"]
[EventRounds "9"]
[EventCountry "PAN"]
[SourceTitle "EXT 2014"]
[Source "ChessBase"]
[SourceDate "2013.11.20"]
[SourceVersion "1"]
[SourceVersionDate "2013.11.20"]
[SourceQuality "1"]

1. e4 c5 2. Nf3 d6 3. d4 cxd4 4. Nxd4 Nf6 5. Nc3 a6 6. h3 e6 7. g4 Be7 8. Bg2 Nfd7 9. Be3 Nc6 10. Qe2 Qc7 11. 0-0-0 Nce5 12. h4 Qc4 13. Bf1 b5 14. f4 Qxe2 15. Bxe2 Nc4 16. Bxc4 bxc4 17. Nc6 Bb7 18. Na5 1/2-1/2

[Event "San Cristobal Bolivar op 1st"]
[Site "San Cristobal"]
[Date "2012.09.26"]
[Round "2"]
[White "Esquivel Golcher, Luis Enrique"]
[Black "Patino Garcia, Carols"]
[Result "1/2-1/2"]
[WhiteElo "2122"]
[BlackElo "1669"]
[PlyCount "32"]
[EventDate "2012.09.25"]
[EventType "swiss"]
[EventRounds "10"]
[EventCountry "VEN"]
[SourceTitle "EXT 2013"]
[Source "ChessBase"]
[SourceDate "2012.11.22"]
[SourceVersion "1"]
[SourceVersionDate "2012.11.22"]
[SourceQuality "1"]

1. b3 Nf6 2. Bb2 d5 3. e3 g6 4. h4 Bg7 5. Be2 c5 6. g4 Qd6 7. Na3 a6 8. f4 Nc6 9. Qc1 e5 10. g5 Ne4 11. Bf3 Bf5 12. Ne2 Qe6 13. d3 Nd6 14. Qd2 0-0-0 15. 0-0-0 Rhe8 16. Rde1 Bh8 1/2-1/2

[Event "Bogota McGregor Memorial"]
[Site "Bogota"]
[Date "2011.12.14"]
[Round "4.1"]
[White "Esquivel Golcher, Luis Enrique"]
[Black "Rodriguez Rueda, Paula Andrea"]
[Result "1/2-1/2"]
[WhiteElo "2132"]
[BlackElo "2145"]
[PlyCount "67"]
[EventDate "2011.12.12"]
[EventType "tourn"]
[EventRounds "9"]
[EventCountry "COL"]
[SourceTitle "EXT 2024"]
[Source "ChessBase"]
[SourceDate "2023.10.10"]
[SourceVersion "1"]
[SourceVersionDate "2023.10.10"]
[SourceQuality "1"]

1. e4 c5 2. Nf3 d6 3. d4 cxd4 4. Nxd4 Nf6 5. Nc3 a6 6. h3 e5 7. Nde2 Be6 8. g4 d5 9. exd5 Nxd5 10. Bg2 Nxc3 11. Qxd8+ Kxd8 12. Nxc3 Kc7 13. Nd5+ Bxd5 14. Bxd5 f6 15. Be3 Nc6 16. c3 g6 17. 0-0-0 Bd6 18. f3 Rad8 19. Kc2 b5 20. b4 Ne7 21. Be6 Rhe8 22. a4 Nc6 23. Bb3 Kb7 24. axb5 axb5 25. Rd5 Kc7 26. Rxb5 Ra8 27. Bb6+ Kd7 28. Rd1 Reb8 29. Rbd5 Nxb4+ 30. cxb4 Rxb6 31. b5 Ke7 32. Kb2 Ba3+ 33. Kc2 Bd6 34. Kb2 1/2-1/2

[Event "Bogota McGregor Memorial"]
[Site "Bogota"]
[Date "2011.12.13"]
[Round "2.1"]
[White "Esquivel Golcher, Luis Enrique"]
[Black "Hernandez Sanchez, Jairo Andres"]
[Result "0-1"]
[WhiteElo "2132"]
[BlackElo "2265"]
[PlyCount "56"]
[EventDate "2011.12.12"]
[EventType "tourn"]
[EventRounds "9"]
[EventCountry "COL"]
[SourceTitle "EXT 2024"]
[Source "ChessBase"]
[SourceDate "2023.10.10"]
[SourceVersion "1"]
[SourceVersionDate "2023.10.10"]
[SourceQuality "1"]

1. d4 Nf6 2. Nf3 d6 3. Nc3 Nbd7 4. e4 e5 5. Bc4 Be7 6. 0-0 0-0 7. Bg5 c6 8. a4 h6 9. dxe5 dxe5 10. Bxf6 Bxf6 11. Qe2 Qc7 12. h3 Nc5 13. Nh2 Ne6 14. Ng4 Bg5 15. Bxe6 Bxe6 16. g3 Rad8 17. Rfd1 Rd4 18. h4 Be7 19. Ne3 g6 20. h5 Kg7 21. Kg2 Qb6 22. b3 Rfd8 23. Nb1 Rxd1 24. Nxd1 Qd4 25. Ndc3 Bb4 26. Qe3 Qxe3 27. fxe3 Bxc3 28. Nxc3 Rd2+ 0-1